the Assam land and revenue regulation,1886 (Record no. 6233)

MARC details
000 -LEADER
fixed length control field 00491cam a2200205ua 4500
001 - CONTROL NUMBER
control field 7112
005 - DATE AND TIME OF LATEST TRANSACTION
control field 20260515114144.0
008 - FIXED-LENGTH DATA ELEMENTS--GENERAL INFORMATION
fixed length control field 141126n ii |||gr||||Z||||||eng
020 ## - INTERNATIONAL STANDARD BOOK NUMBER
International Standard Book Number 8173310416
040 ## - CATALOGING SOURCE
Transcribing agency MAIN
041 ## - LANGUAGE CODE
Language code of text/sound track or separate title eng
082 ## - DEWEY DECIMAL CLASSIFICATION NUMBER
Classification number 336
100 ## - MAIN ENTRY--PERSONAL NAME
Personal name Saikia, K.N.,
Relator term Author.
245 1# - TITLE STATEMENT
Title the Assam land and revenue regulation,1886
Statement of responsibility, etc. By K.N. Saikia
250 ## - EDITION STATEMENT
Edition statement 2nd.
260 ## - PUBLICATION, DISTRIBUTION, ETC.
Place of publication, distribution, etc. Guwahati:
Name of publisher, distributor, etc. Lawyer,
Date of publication, distribution, etc. 2003.
300 ## - PHYSICAL DESCRIPTION
Extent xxi,453p.
653 ## - INDEX TERM--UNCONTROLLED
Uncontrolled term Public finance
942 ## - ADDED ENTRY ELEMENTS (KOHA)
Koha item type Books
Holdings
Withdrawn status Lost status Damaged status Not for loan Home library Current library Shelving location Date acquired Total checkouts Full call number Barcode Date last seen Copy number Price effective from Koha item type
        Naharkatiya College Library Naharkatiya College Library General stacks 09/19/2020   336.029546 | SAI 22214 09/19/2020 1 09/19/2020 Books